000
00316nam a2200133Ia 4500
008
240829s1901 xx 000 0 und d
041
_a
eng
082
_a
0 YAD
100
_a
YADAVA A. V. & YADAV B.
245
_a
HOSPITAL AND CLINICAL PHARMACY
260
_b
N.D.
_c
1901
906
_a
N.D.
999
_c
1205276
_d
1205276